| 000 | 00483nam a2200181 a 4500 | ||
|---|---|---|---|
| 005 | 20140310183347.0 | ||
| 008 | 070222s19uu xx 00 eng d | ||
| 020 | _a1844480100 | ||
| 050 |
_aND 1260 _b.L921 2006 |
||
| 100 | _aLowrey, Arnold | ||
| 245 | _aPainting with acrylics. | ||
| 260 |
_aGreat Britain : _bSearch Press Limited, _c2006. |
||
| 300 |
_a95 p. : _bcol.. ill. ; _c28 cm. |
||
| 521 | _aMA | ||
| 650 | _aAcrylic painting. | ||
| 942 |
_cBK _2lcc _kFOR |
||
| 999 |
_c21972 _d21972 |
||